Statistics for Countries and Rivers with the Same Name

Click here to take the quiz!

General Stats

  • This quiz has been taken 97 times
  • The average score is 6 of 10

Answer Stats

Answer% Correct
Democratic Republic of the Congo
89%
Republic of the Congo
89%
Niger
86%
Paraguay
69%
Uruguay
63%
Belize
58%
Jordan
41%
Gambia
38%
Senegal
31%
Moldova
28%

Score Distribution

Percentile by Number Answered

Percent of People with Each Score

Your Score History

You have not taken this quiz